000 00820nam a2200265Ia 4500
003 OSt
005 20220918171211.0
006 a|||||r|||| 00| 0
007 ta
008 220917b |||||||| |||| 00| 0 eng d
020 _a9781409412564 (hbk)
_c6783.69
024 _a289,299
037 _b336, 15/03/2016, Classic Book Service
_cTextual
040 _aARTS
_cARTS
_beng
041 _2eng
_aeng
082 _aNQ44,k, Q5
100 _aGonzalez Valerie
_934716
245 0 _aAesthetic hybridity in mughal painting 1526-1658
260 _aEngland
_bAshgate UK
_c2015
300 _axviii, 318p.
_ccm.
490 _aTransculturalisms, 1400-1700
650 _aFine Arts
_934717
942 _hNQ44,k, Q5
_cTEXL
_2CC
999 _c138292
_d138292